|
|
|
|
| LEADER |
00000nas a2200000 a 4500 |
| 001 |
ssj0000396169 |
| 003 |
WaSeSS |
| 005 |
20200512172242.0 |
| 006 |
m d |
| 007 |
cr n |
| 008 |
100417c19919999xv ar p s 0 0slv c |
| 010 |
|
|
|a 2012260178
|
| 022 |
|
|
|y 0354-0316
|
| 035 |
|
|
|a (WaSeSS)ssj0000396169
|
| 040 |
|
|
|a OCLCE
|b eng
|c OCLCE
|d ORU
|d CUS
|d OCLCF
|d OCLCO
|d OCLCQ
|d AU@
|d ERD
|d OCLCO
|d OCLCS
|d NTE
|d OCLCQ
|d WaSeSS
|
| 041 |
0 |
|
|a slv
|b eng
|
| 042 |
|
|
|a dlr
|a pcc
|
| 043 |
|
|
|a e-xv---
|
| 050 |
|
4 |
|a GN1
|b .S5
|
| 130 |
0 |
|
|a Etnolog (Ljubljana, Slovenia : 1991)
|
| 245 |
1 |
0 |
|a Etnolog
|h [electronic resource] :
|b glasnik Slovenskega etnografskega muzeja.
|
| 260 |
|
|
|a Ljubljana :
|b Slovenskega etnografskega muzeja,
|c 1991-
|
| 310 |
|
|
|a Annual
|
| 362 |
1 |
|
|a Began with 1 (1991).
|
| 506 |
|
|
|a License restrictions may limit access.
|
| 538 |
|
|
|a Master and use copy. Digital master created according to Benchmark for Faithful Digital Reproductions of Monographs and Serials, Version 1. Digital Library Federation, December 2002.
|u http://purl.oclc.org/DLF/benchrepro0212
|5 MiAaHDL
|
| 546 |
|
|
|a In Slovenian; summaries in English.
|
| 583 |
1 |
|
|a digitized
|c 2010
|h HathiTrust Digital Library
|l committed to preserve
|2 pda
|5 MiAaHDL
|
| 588 |
|
|
|a Description based on: 1 (1991); title from table of contents page (publisher's Web site, viewed October 31, 2012).
|
| 588 |
|
|
|a Latest issue consulted: 21 (2011) (publisher's Web site, viewed October 31, 2012).
|
| 650 |
|
0 |
|a Ethnology
|v Periodicals.
|
| 650 |
|
0 |
|a Ethnology
|z Slovenia
|v Periodicals.
|
| 650 |
|
7 |
|a Ethnology.
|2 fast
|0 (OCoLC)fst00916106
|
| 651 |
|
7 |
|a Slovenia.
|2 fast
|0 (OCoLC)fst01212712
|
| 655 |
|
0 |
|a Electronic journals.
|
| 710 |
2 |
|
|a Slovenski etnografski muzej.
|
| 776 |
0 |
8 |
|i Print version:
|t Etnolog (Ljubljana, Slovenia : 1991)
|w (DLC) 92645403
|w (OCoLC)25730830
|
| 780 |
0 |
0 |
|t Slovenski etnograf
|w (DLC) 2012260177
|w (OCoLC)607816199
|
| 856 |
4 |
0 |
|z Full text available from Research Library: 01/01/2011 to 12/31/2016
|u https://search.proquest.com/publication/1596389
|
| 856 |
4 |
0 |
|z Full text available from Research Library: 01/01/2018 to present
|u https://search.proquest.com/publication/1596389
|